|
|
|
|
| LEADER |
01242nam a22002897a 4500 |
| 001 |
7415 |
| 003 |
BD-DhAAL |
| 005 |
20150729115459.0 |
| 008 |
150729s2002 maua b 000 0 eng d |
| 010 |
|
|
|a 2002512284
|
| 020 |
|
|
|a 0072510633
|
| 040 |
|
|
|a SZR
|c SZR
|d DLC
|d BD-DhAAL
|
| 050 |
0 |
0 |
|a MLCM 2005/03854 (L)
|
| 082 |
|
|
|a 372.64
|
| 100 |
1 |
|
|a Beeghly, Dena G.,
|d 1954-
|9 13312
|
| 245 |
1 |
0 |
|a Litlinks :
|b activities for connected learning in elementary classrooms /
|c Dena G. Beeghly, Catherine M. Prudhoe.
|
| 260 |
|
|
|a Boston :
|b McGraw Hill,
|c c2002.
|
| 300 |
|
|
|a xv, 172 p. :
|b ill. ;
|c 28 cm.
|
| 490 |
|
|
|a The McGraw-Hill teacher resource series
|
| 504 |
|
|
|a Includes bibliographical references.
|
| 541 |
|
|
|e 7415
|
| 650 |
|
|
|a Children's literature
|x Study and teaching (Elementary)
|9 13313
|
| 700 |
1 |
|
|a Prudhoe, Catherine M.
|9 13314
|
| 942 |
|
|
|2 ddc
|c BK
|
| 999 |
|
|
|c 35093
|d 35093
|
| 952 |
|
|
|0 0
|1 0
|2 ddc
|4 0
|6 372_640000000000000_BEE
|7 0
|9 55005
|a SCL
|b SCL
|c GEN
|d 2015-07-29
|e Gift: The Asia Foundation
|l 0
|o 372.64 BEE
|p 3020007415
|r 2015-07-29
|t 1
|w 2015-07-29
|y BK
|
| 952 |
|
|
|0 0
|1 0
|2 ddc
|4 0
|6 372_640000000000000_BEE
|7 0
|9 55006
|a SCL
|b SCL
|c GEN
|d 2015-07-29
|e Gift: The Asia Foundation
|l 1
|o 372.64 BEE
|p 3020007410
|r 2024-02-02
|s 2024-02-02
|t 2
|w 2015-07-29
|y BK
|